000 00227nam a22000857a 4500
008 160716b xxu||||| |||| 00| 0 eng d
100 _92951
_a Dickens, C
245 _aDavid Copperfield
260 _aNew Delhi
_bOrient Publication
_c2001
999 _c2515
_d2515